Lascaux: Heiligtum d. Eiszeit
| Main Author: | |
|---|---|
| Contributors: | |
| Format: | Print Book |
| Language: | German |
| Subito Delivery Service: | Order now. |
| Check availability: | HBZ Gateway |
| WorldCat: | WorldCat |
| Interlibrary Loan: | Interlibrary Loan for the Fachinformationsdienste (Specialized Information Services in Germany) |
| Published: |
Freiburg im Breisgau Basel Wien
Herder
1986
|
| In: | Year: 1986 |
| Standardized Subjects / Keyword chains: | B
Lascaux
/ Glacial epoch
/ Rock painting
B Lascaux / Glacial epoch / Findings B Lascaux / Ice Age art / Rock painting B Lascaux / Rock painting B Lascaux / Rock painting / Culture / History |
| Further subjects: | B
Findings
B Illustrated book B Glacial epoch B Thesis |
| Online Access: |
Table of Contents |
MARC
| LEADER | 00000cam a2200000 c 4500 | ||
|---|---|---|---|
| 001 | 274041766 | ||
| 003 | DE-627 | ||
| 005 | 20240418210914.0 | ||
| 007 | tu | ||
| 008 | 880128s1986 gw ||||| m 00| ||ger c | ||
| 015 | |a 87,A11,1439 |2 dnb | ||
| 016 | 7 | |a 870302914 |2 DE-101 | |
| 020 | |a 3451207877 |9 3-451-20787-7 | ||
| 035 | |a (DE-627)274041766 | ||
| 035 | |a (DE-576)01382810X | ||
| 035 | |a (DE-599)GBV274041766 | ||
| 035 | |a (OCoLC)242244110 | ||
| 035 | |a (OCoLC)310842774 | ||
| 035 | |a (OCoLC)242244110 | ||
| 035 | |a (AT-OBV)AC01514164 | ||
| 040 | |a DE-627 |b ger |c DE-627 |e rda | ||
| 041 | |a ger |h fre | ||
| 044 | |c XA-DE | ||
| 084 | |a 60 |a 46 |2 sdnb | ||
| 084 | |a NF 2350 |2 rvk |0 (DE-625)rvk/125212:1278 | ||
| 084 | |a BE 2600 |2 rvk |0 (DE-625)rvk/10535: | ||
| 084 | |a 15.19 |2 bkl | ||
| 084 | |a 15.15 |2 bkl | ||
| 100 | 1 | |e VerfasserIn |0 (DE-588)1064793452 |0 (DE-627)814793436 |0 (DE-576)424153262 |4 aut |a Ruspoli, Mario |d 1925-1986 | |
| 109 | |a Ruspoli, Mario 1925-1986 |a Ruspoli, Mario Giovanni Battista 1925-1986 | ||
| 240 | 1 | 0 | |a Lascaux : un nouveau regard |
| 245 | 1 | 0 | |a Lascaux |b Heiligtum d. Eiszeit |c Mario Ruspoli. Übertragung ins Deutsche: Margit Ruck-Vinson |
| 264 | 1 | |a Freiburg im Breisgau |a Basel |a Wien |b Herder |c 1986 | |
| 300 | |a 208 Seiten | ||
| 336 | |a Text |b txt |2 rdacontent | ||
| 337 | |a ohne Hilfsmittel zu benutzen |b n |2 rdamedia | ||
| 338 | |a Band |b nc |2 rdacarrier | ||
| 583 | 1 | |a Archivierung/Langzeitarchivierung gewährleistet |f PEBW |x XA-DE-BW |2 pdager |5 DE-31 | |
| 601 | |a Heiligtum | ||
| 650 | 0 | 7 | |0 (DE-588)4014129-9 |0 (DE-627)10634109X |0 (DE-576)208906614 |a Eiszeit |2 gnd |
| 650 | 0 | 7 | |0 (DE-588)4014129-9 |0 (DE-627)10634109X |0 (DE-576)208906614 |a Eiszeit |2 gnd |
| 650 | 0 | 7 | |0 (DE-588)4071507-3 |0 (DE-627)104642874 |0 (DE-576)209184205 |a Funde |2 gnd |
| 655 | 7 | |a Bildband |0 (DE-588)4145395-5 |0 (DE-627)104450835 |0 (DE-576)209741139 |2 gnd-content | |
| 655 | 7 | |a Hochschulschrift |0 (DE-588)4113937-9 |0 (DE-627)105825778 |0 (DE-576)209480580 |2 gnd-content | |
| 689 | 0 | 0 | |d g |0 (DE-588)4034608-0 |0 (DE-627)106251856 |0 (DE-576)209007958 |2 gnd |a Lascaux |
| 689 | 0 | 1 | |d s |0 (DE-588)4014129-9 |0 (DE-627)10634109X |0 (DE-576)208906614 |2 gnd |a Eiszeit |
| 689 | 0 | 2 | |d s |0 (DE-588)4016718-5 |0 (DE-627)104649828 |0 (DE-576)20891711X |2 gnd |a Felsbild |
| 689 | 0 | |5 DE-101 | |
| 689 | 1 | 0 | |d g |0 (DE-588)4034608-0 |0 (DE-627)106251856 |0 (DE-576)209007958 |2 gnd |a Lascaux |
| 689 | 1 | 1 | |d s |0 (DE-588)4014129-9 |0 (DE-627)10634109X |0 (DE-576)208906614 |2 gnd |a Eiszeit |
| 689 | 1 | 2 | |d s |0 (DE-588)4071507-3 |0 (DE-627)104642874 |0 (DE-576)209184205 |2 gnd |a Funde |
| 689 | 1 | |5 DE-101 | |
| 689 | 2 | 0 | |d g |0 (DE-588)4034608-0 |0 (DE-627)106251856 |0 (DE-576)209007958 |2 gnd |a Lascaux |
| 689 | 2 | 1 | |d s |0 (DE-588)4292840-0 |0 (DE-627)104203978 |0 (DE-576)210898348 |2 gnd |a Eiszeitkunst |
| 689 | 2 | 2 | |d s |0 (DE-588)4016718-5 |0 (DE-627)104649828 |0 (DE-576)20891711X |2 gnd |a Felsbild |
| 689 | 2 | |5 (DE-627) | |
| 689 | 3 | 0 | |d g |0 (DE-588)4034608-0 |0 (DE-627)106251856 |0 (DE-576)209007958 |2 gnd |a Lascaux |
| 689 | 3 | 1 | |d s |0 (DE-588)4016718-5 |0 (DE-627)104649828 |0 (DE-576)20891711X |2 gnd |a Felsbild |
| 689 | 3 | |5 (DE-627) | |
| 689 | 4 | 0 | |d g |0 (DE-588)4034608-0 |0 (DE-627)106251856 |0 (DE-576)209007958 |2 gnd |a Lascaux |
| 689 | 4 | 1 | |d s |0 (DE-588)4016718-5 |0 (DE-627)104649828 |0 (DE-576)20891711X |2 gnd |a Felsbild |
| 689 | 4 | 2 | |d s |0 (DE-588)4125698-0 |0 (DE-627)104470348 |0 (DE-576)209578750 |2 gnd |a Kultur |
| 689 | 4 | 3 | |q z |2 gnd |a Geschichte |
| 689 | 4 | |5 (DE-627) | |
| 700 | 1 | |a Ruck-Vinson, Margit |e ÜbersetzerIn |4 trl | |
| 856 | 4 | 2 | |u http://d-nb.info/870302914/04 |m B:DE-101 |q application/pdf |v 20130501 |x Verlag |3 Inhaltsverzeichnis |7 1 |
| 889 | |w (DE-627)022885730 | ||
| 889 | |w (DE-627)162122705 | ||
| 935 | |a mteo | ||
| 935 | |i mdedup | ||
| 935 | |i Blocktest | ||
| 936 | r | v | |a NF 2350 |b Kulturgeschichte und Siedlungsarchäologie |k Geschichte |k Ur- und Frühgeschichte / Prähistorische Archäologie |k Allgemeine und europäische Ur- und Frühgeschichte nach Epochen |k Steinzeit (- 1800 v. Chr.) |k Europa |k Westeuropa (Irland, Großbritannien, Frankreich, Beneluxländer) |k Frankreich |k Kulturgeschichte und Siedlungsarchäologie |0 (DE-627)1271488175 |0 (DE-625)rvk/125212:1278 |0 (DE-576)201488175 |
| 936 | r | v | |a BE 2600 |b Sakrale Orte, Wallfahrten, Pilgern, Sakralbauten |k Theologie und Religionswissenschaften |k Religionswissenschaft |k Systematische Religionswissenschaft |k Religionsphänomenologie |k Religiöses Leben und Praktiken |k Sakrale Orte, Wallfahrten, Pilgern, Sakralbauten |0 (DE-627)1270668013 |0 (DE-625)rvk/10535: |0 (DE-576)200668013 |
| 936 | b | k | |a 15.19 |j Vor- und Frühgeschichte |q coli-conc RVK->BK |q https://coli-conc.gbv.de/api/mappings/86628ea8-ce7c-4261-a534-79c6ddd79ae8 |0 (DE-627)10640329X |
| 936 | b | k | |a 15.15 |j Archäologie |0 (DE-627)10640461X |
| 951 | |a BO | ||
| ELC | |b 1 | ||
| ORI | |a SA-MARC-ixtheo_oa001.raw | ||
| REF | |a Kulturgeschichte | ||
| STA | 0 | 0 | |a Culture,Culture,Culture,Findings,Glacial epoch,History,History,History in art,Ice Age art,Rock painting,Rock picture,Petroglyph,Cave painting,Rock paintings,Petroglyphs |
| STB | 0 | 0 | |a Art de l’âge glaciaire,Art pariétal,Pétroglyphe,Pétroglyphe,Peinture pariétale,Pétroglyphes,Culture,Culture,Civilisation,Civilisation,Culture,Civilisation (motif),Civilisation,Découvertes archéologiques,Glaciations,Histoire,Histoire,Histoire |
| STC | 0 | 0 | |a Arte de la Edad del Hielo,Cultura,Cultura,Hallazgos,Historia,Historia,Historia,Pintura rupestre,Pintura rupestre |
| STD | 0 | 0 | |a Arte dell'era glaciale,Cultura,Cultura,Periodo glaciale,Pittura rupestre,Petroglifo,Petroglifo,Reperti archeologici,Storia,Storia |
| STE | 0 | 0 | |a 出土物,地下文物,历史,史,岩画,岩壁画,岩石画,文化 |
| STF | 0 | 0 | |a 冰期,出土物,地下文物,巖畫,巖壁畫,巖石畫,文化,歷史,史 |
| STG | 0 | 0 | |a Achados,Arte da Idade do Gelo,Cultura,Cultura,Glaciação,História,História,Pintura rupestre |
| STH | 0 | 0 | |a Искусство ледникового периода,История (мотив),История,Культура (мотив),Культура,Ледниковая эпоха,Наскальное изображение,Находки |
| STI | 0 | 0 | |a Ευρήματα,Ιστορία (μοτίβο),Ιστορία,Παγετωνική περίοδος,Πετρόγλυφο,Πολιτισμός <μοτίβο>,Πολιτισμός,Κουλτούρα,Κουλτούρα (μοτίβο),Τέχνη της Εποχής των Παγετώνων |
| SYE | 0 | 0 | |a Glazialperiode,Kaltzeit,Eiszeiten , Glazialperiode,Kaltzeit,Eiszeiten , Bodenfund,Bodenfunde,Archäologische Funde |
| SYG | 0 | 0 | |a Glazialperiode,Kaltzeit,Eiszeiten , Felsenbild,Felsmalerei,Felszeichnung,Höhlenmalerei,Petroglyphe,Petroglyphen,Felsbilder , Glazialperiode,Kaltzeit,Eiszeiten , Bodenfund,Bodenfunde,Archäologische Funde , Felsenbild,Felsmalerei,Felszeichnung,Höhlenmalerei,Petroglyphe,Petroglyphen,Felsbilder , Felsenbild,Felsmalerei,Felszeichnung,Höhlenmalerei,Petroglyphe,Petroglyphen,Felsbilder , Felsenbild,Felsmalerei,Felszeichnung,Höhlenmalerei,Petroglyphe,Petroglyphen,Felsbilder , Culture , History,Geschichtliche Epoche,Historical development,Historische Entwicklung,Landesgeschichte,Regionalgeschichte,Ortsgeschichte,Zeitgeschichte |